00492nam a2200193Ia 4500008004100000020001800041050001400059100001600073245004200089245004700131260001500178260001600193260000900209300001500218300002700233300001000260440002000270500000800290170918s9999 xx 000 0 und d a9780439562164 bK655 2003 aKline, Suzy aHorrible Harry and the mud gremlins / cSuzy Kline ; pictures by Frank Remkiewicz. aNew York : bScholastic, c2003 a50 pages : bcolored illustration ; c20cm. aHorrible Harry. a460